000 00649nam a2200241Ia 4500
003 OSt
005 20220925202721.0
006 a|||||r|||| 00| 0
007 ta
008 220923b |||||||| |||| 00| 0 eng d
037 _cGeneral Book
040 _aRTL
_cRTL
_beng
041 _2eng
_aeng
082 _aX:3M24xL70, L4
100 _aVerma V P
_9119103
245 0 _aPolitical philiosophy of Hegal
260 _aDelhi
_bTrimurti
_c1974
300 _avi, 221p
_ccm.
500 _aBibliography p 211-14
650 _aSocialism
_936676
942 _hX:3M24xL70, L4
_cGB
_2CC
999 _c543851
_d543851